A Textbook of Manufacturing technology (رقم التسجيلة. 38343)
[ عرض عادي ]
| 000 -الفاتح | |
|---|---|
| حقل البيانات ثابتة الطول | 02636cam a22003614a 4500 |
| 001 - رقم الضبط | |
| رقم الضبط | 16713745 |
| 003 - محدد رقم الضبط | |
| رقم الضبط | OSt |
| 005 - وقت وتاريخ اخر تعامل مع التسجيلة | |
| رقم الضبط | 20151012092103.0 |
| 008 - عناصر البيانات ثابتة الطول - معلومات عامة | |
| حقل البيانات ثابتة الطول | 110330s2014 flu b 001 0 eng |
| 010 ## - رقم ضبط مكتبة الكونجرس | |
| رقم ضبط مكتبة الكونجرس | 2011007861 |
| 020 ## - الرقم الدولى المعيارى للكتب | |
| الرقم الدولى المعيارى للكتاب | 9788131802441 |
| 040 ## - مصدر الفهرسة | |
| وكالة الفهرسة الأصلية | DLC |
| وكالة النسخ | DLC |
| 042 ## - رمز التحقق | |
| رمز التحقق | pcc |
| 050 00 - رقم طلب مكتبة الكونجرس | |
| رقم التصنيف | TS183 |
| رقم المادة | .Y68 2011 |
| 082 00 - رقم تصنيف ديوى العشرى | |
| رقم التصنيف | 670.427 |
| رقم الطبعة | 22 |
| رقم المادة | RRT |
| 084 ## - رقم تصنيف آخر | |
| رقم التصنيف | SCI041000 |
| -- | TEC020000 |
| -- | TEC021000 |
| مصدر الرقم | bisacsh |
| 100 1# - المدخل الرئيسى - إسم شخصى | |
| الإسم الشخصى | Rajput, R. K. |
| 9 (RLIN) | 51923 |
| 245 10 - بيان العنوان | |
| العنوان | A Textbook of Manufacturing technology |
| بقية العنوان | Manufacturing processes / |
| بيان المسئوليه,etc | R. K Rajput |
| 260 ## - PUBLICATION, DISTRIBUTION, ETC. (IMPRINT) | |
| مكان الناشر او الموزع | Boca Raton, FL : |
| اسم الناشر او الموزع | Taylor & Francis/CRC Press, |
| تاريخ النشر أو التوزيع | 2014. |
| 300 ## - الوصف المادى | |
| التعداد | xxxi, 915 p. : |
| تفاصيل ماديه اخرى للوعاء | ill. ; |
| أبعاد الوعاء | 26 cm. |
| 504 ## - تبصرة ببليوجرافية | |
| تبصرة ببليوجرافية,الخ | Includes bibliographical references and index. |
| 520 ## - التبصرة الخاصة بالتعليق أو التلخيص | |
| ملخص,الخ | "This text explores all of the manufacturing processes, materials, and equipment used to convert raw materials into a final product. It presents the most commonly used and recently developed manufacturing methods, along with applications, worked examples, exercises, and review questions. Materials covered include metallics, polymers, ceramics, and glasses. The book discusses heat treatments, smelting of metals, process casting, forming, powder metallurgy, joining processes, and surface technology. It also looks at the environmental aspects related to manufacturing and clean factories and describes trends in surface hardening technology"-- |
| 520 ## - التبصرة الخاصة بالتعليق أو التلخيص | |
| ملخص,الخ | "The textbook in hand provides a comprehensive knowledge and insight into various aspects of manufacturing technology, processes, materials, tooling, and equipment. Its main objective is to introduce the brand spectrum of manufacturing technology to individuals who will be involved in design and manufacturing of finished products, to provide them with the basic information on manufacturing technologies. The text material is presented mainly in descriptive manner, where the emphasis is on the fundamentals of the process, its capabilities, typical applications, advantages and limitations. Mathematical modeling and equations are used only when they enhance the basic understanding of the material dealt with"-- |
| 650 #0 - المدخل الاضافى بالموضوع-مصطلح موضوعى | |
| مصطلح موضوعي أو اسم جغرافي كعنصر مدخل | Manufacturing processes. |
| 9 (RLIN) | 51924 |
| 650 #7 - المدخل الاضافى بالموضوع-مصطلح موضوعى | |
| مصطلح موضوعي أو اسم جغرافي كعنصر مدخل | SCIENCE / Mechanics / General |
| مصدر الرأس أو المصطلح | bisacsh. |
| 9 (RLIN) | 51925 |
| 650 #7 - المدخل الاضافى بالموضوع-مصطلح موضوعى | |
| مصطلح موضوعي أو اسم جغرافي كعنصر مدخل | TECHNOLOGY & ENGINEERING / Manufacturing |
| مصدر الرأس أو المصطلح | bisacsh. |
| 9 (RLIN) | 51926 |
| 650 #7 - المدخل الاضافى بالموضوع-مصطلح موضوعى | |
| مصطلح موضوعي أو اسم جغرافي كعنصر مدخل | TECHNOLOGY & ENGINEERING / Material Science |
| مصدر الرأس أو المصطلح | bisacsh. |
| 9 (RLIN) | 40572 |
| 700 1# - المدخل الاضافى - اسم شخصى | |
| الإسم الشخصى | El-Hofy, Hassan. |
| 9 (RLIN) | 51927 |
| 700 1# - المدخل الاضافى - اسم شخصى | |
| الإسم الشخصى | Ahmed, Mahmoud H. |
| 9 (RLIN) | 51928 |
| 906 ## - عنصر بيانات محلى F, LDF (RLIN) | |
| a | 7 |
| b | cbc |
| c | orignew |
| d | 1 |
| e | ecip |
| f | 20 |
| g | y-gencatlg |
| 942 ## - عناصر المدخل الإضافي( كوها) | |
| مصدر التصنيف او مخطط الترفيف | Dewey Decimal Classification |
| Koha [default] item type | كتاب |
| حالة الفقد | نموذج السعر الفعال | حالة تلف | ليس للاعارة | رقم الطلب | تاريخ الاكتساب | الموقع الحالي | الباركود | الفرع الرئيسي | Date last seen | نوع المادة فى نظام كوها | مصدر التصنيف او خطة الترفيف | Total Checkouts | Date last checked out |
|---|---|---|---|---|---|---|---|---|---|---|---|---|---|
| 2015-10-12 | 670.427 RRT | 2015-10-12 | المكتبة المركزية بالمجمعة (CL) | 00653878 | المكتبة المركزية بالمجمعة (CL) | 2015-10-12 | كتاب | Dewey Decimal Classification | |||||
| 2015-10-12 | 670.427 RRT | 2015-10-12 | المكتبة المركزية بالمجمعة (CL) | 00653879 | المكتبة المركزية بالمجمعة (CL) | 2015-10-12 | كتاب | Dewey Decimal Classification | |||||
| 2015-10-12 | 670.427 RRT | 2015-10-12 | المكتبة المركزية بالمجمعة (CL) | 00653880 | المكتبة المركزية بالمجمعة (CL) | 2018-04-02 | كتاب | Dewey Decimal Classification | 1 | 2017-12-06 |
